000 00827nam a2200241Ia 4500
003 GCL
008 140319s9999 xx 000 0 ara d
040 _aGCL /
_cGCL
082 0 4 _a349.302
_bم م
100 1 _aممدوح الدركشلى
245 1 0 _aمحاضرات فى النواحى الفنية فى تطبيق قانون السجل الصينى السورى /
_cممدوح الدركشلى
260 _a[S.N] :
_bالمنظمة الاسلامية للتربية والعلوم والثقافة ،
_c1974
300 _a143 ص
490 _a
650 0 4 _aالقانون
650 0 4 _aسوريا
650 0 4 _aقانون الملكية
650 0 4 _aالتوثيق العقارى
650 0 4 _aالشهر العقارى
650 0 4 _aالسجل العينى
650 0 4 _aالتوثيق
942 _2ddc
_cBK
999 _c56084
_d56084